Statistiques concernant Logos de marque n° 5

Cliquez ici pour prendre le quiz!

Statistiques générales

  • Ce quiz a été pris 2 773 fois
  • Le résultat moyen est 12 sur 20

Statistiques - réponses

marque% Correct
Nike
100%
Domino's
97%
Michelin
94%
Skype
94%
Yahoo
94%
Android
91%
Pampers
90%
Safari
86%
Monsieur Propre
85%
New Balance
84%
Rolex
82%
Umbro
66%
iTunes
65%
Under Armor
46%
Dunkin' Donuts
38%
Kraft
10%
Qantas
8%
Arby's
4%
Tostitos
4%
Klondike
2%

Distribution des résultats

Percentile par nombre de réponses

% des personnes avec chaque résultat

Votre développement - résultats

Vous n’avez pas pris ce quiz